<?xml version="1.0" encoding="UTF-8"?>
<record
    xmlns:xsi="http://www.w3.org/2001/XMLSchema-instance"
    xsi:schemaLocation="http://www.loc.gov/MARC21/slim http://www.loc.gov/standards/marcxml/schema/MARC21slim.xsd"
    xmlns="http://www.loc.gov/MARC21/slim">

  <leader>01530nabaa22002297a 4500</leader>
  <datafield tag="999" ind1=" " ind2=" ">
    <subfield code="c">6324</subfield>
    <subfield code="d">6324</subfield>
  </datafield>
  <controlfield tag="003">OSt</controlfield>
  <controlfield tag="005">20260130201513.0</controlfield>
  <controlfield tag="008">190701b        xxu||||| |||| 00| 0 spa d</controlfield>
  <datafield tag="040" ind1=" " ind2=" ">
    <subfield code="c">PJ</subfield>
  </datafield>
  <datafield tag="100" ind1=" " ind2=" ">
    <subfield code="9">6997</subfield>
    <subfield code="a">Fasoli, Luis Eugenio </subfield>
  </datafield>
  <datafield tag="245" ind1="1" ind2="3">
    <subfield code="a">La b&#xFA;squeda de la verdad objetiva en el proceso administrativo :</subfield>
    <subfield code="b">oficiosidad en cuestiones laborales y de salud /</subfield>
    <subfield code="c">Luis Eugenio Fasoli. </subfield>
  </datafield>
  <datafield tag="300" ind1=" " ind2=" ">
    <subfield code="a">p. 316-322</subfield>
  </datafield>
  <datafield tag="500" ind1=" " ind2=" ">
    <subfield code="a">Cita: TR LALEY AR/DOC/2589/2025 </subfield>
  </datafield>
  <datafield tag="505" ind1=" " ind2=" ">
    <subfield code="a">Sumario: I. Introducci&#xF3;n.&#x2014; II. Aclaraci&#xF3;n metodol&#xF3;gica previa.&#x2014; III. El caso y la decisi&#xF3;n judicial.&#x2014; IV. Verdad material y verdad formal. Principio de oficiosidad.&#x2014; V. Incorrecciones en el planteo de la parte. Posible inconstitucionalidad e inconvencionalidad de la resoluci&#xF3;n administrativa.&#x2014; VI. &#xBF;Existe obligaci&#xF3;n del Tribunal de declarar la inconstitucionalidad y/o inconvencionalidad de oficio? &#x2014; VII. Reflexiones finales. </subfield>
  </datafield>
  <datafield tag="505" ind1=" " ind2=" ">
    <subfield code="t">Fallo comentado: CNFed. Contenciosoadministrativo, sala V ~ 17/07/2025 ~ Buchhalter, Luis Ariel c. UBA - Hospital de Cl&#xED;nicas Jos&#xE9; de San Mart&#xED;n (res. 1165/2022) s/ educaci&#xF3;n superior - ley 24.521 - art. 32.</subfield>
  </datafield>
  <datafield tag="505" ind1=" " ind2=" ">
    <subfield code="t">&#xBF;Te interesa el texto completo? Comunicate al correo: koha@justierradelfuego.gov.ar</subfield>
  </datafield>
  <datafield tag="650" ind1=" " ind2="0">
    <subfield code="9">211</subfield>
    <subfield code="a">DERECHO ADMINISTRATIVO</subfield>
  </datafield>
  <datafield tag="650" ind1=" " ind2="0">
    <subfield code="9">938</subfield>
    <subfield code="a">EMPLEO PUBLICO</subfield>
  </datafield>
  <datafield tag="650" ind1=" " ind2="0">
    <subfield code="9">1057</subfield>
    <subfield code="a">JURISPRUDENCIA APLICABLE</subfield>
  </datafield>
  <datafield tag="773" ind1="0" ind2=" ">
    <subfield code="0">2842</subfield>
    <subfield code="9">3251</subfield>
    <subfield code="d">Buenos Aires : AbeledoPerrot, 2012-</subfield>
    <subfield code="o">DA121</subfield>
    <subfield code="t">Derecho administrativo. N&#xBA; 162 noviembre/diciembre 2025</subfield>
    <subfield code="z">18510590</subfield>
  </datafield>
  <datafield tag="942" ind1=" " ind2=" ">
    <subfield code="2">udc</subfield>
    <subfield code="c">ANA</subfield>
  </datafield>
</record>
